[Event "Eileen Tranmer mem"]
[Site "Brighton Int 7th"]
[Date "1985.12.12"]
[Round "1"]
[White "Coull, Alison Jane"]
[Black "Norwood, David"]
[Result "0-1"]
[WhiteElo "1915"]
[BlackElo "2445"]
[PlyCount "90"]
[EventDate "1985.12.12"]
[EventType "tourn"]
[EventRounds "9"]
[EventCountry "ENG"]

1. e4 g6 2. d4 Bg7 3. Nf3 d6 4. Nc3 Nf6 5. Be2 c6 6. O-O O-O 7. Re1 Qc7 8. Bf4
Nbd7 9. e5 Nh5 10. exd6 exd6 11. Be3 Nb6 12. a4 a5 13. Qd2 Re8 14. Rad1 Nf6 15.
h3 Bf5 16. Bd3 Qd7 17. Bf4 Bxd3 18. Qxd3 Nfd5 19. Nxd5 Nxd5 20. Bg5 h6 21. Bh4
Nf4 22. Qd2 Qf5 23. Nh2 Re4 24. Rxe4 Qxe4 25. Nf3 Ne2+ 26. Kf1 Nxd4 27. Nxd4
Qxh4 28. b3 d5 29. Nf3 Qf6 30. Re1 Bf8 31. Qe3 Bb4 32. Rd1 Kg7 33. Ne1 Rd8 34.
Nd3 Bc3 35. g3 Rd7 36. Kg2 Re7 37. Qf3 Qd6 38. h4 h5 39. Nf4 Be5 40. Re1 Bxf4
41. Rxe7 Qxe7 42. Qxf4 Qe4+ 43. Qf3 f5 44. Qxe4 fxe4 45. Kg1 Kf6 0-1

[Event "Eileen Tranmer mem"]
[Site "Brighton Int 7th"]
[Date "1985.12.12"]
[Round "1"]
[White "Day, Angela"]
[Black "Thomas, Nicholas A"]
[Result "0-1"]
[WhiteElo "1905"]
[BlackElo "2230"]
[PlyCount "78"]
[EventDate "1985.12.12"]
[EventType "tourn"]
[EventRounds "9"]
[EventCountry "ENG"]

1. g3 d5 2. d3 Nf6 3. Bg2 c5 4. Nd2 Nc6 5. e4 Bg4 6. f3 Bh5 7. g4 Bg6 8. f4 h5
9. f5 Bh7 10. h3 dxe4 11. Nxe4 Nxe4 12. Bxe4 e6 13. Bxc6+ bxc6 14. Qf3 Qd5 15.
Qxd5 cxd5 16. fxe6 fxe6 17. gxh5 Bf5 18. h6 gxh6 19. Bf4 Bg7 20. O-O-O O-O 21.
Bd6 Rfc8 22. Nf3 c4 23. d4 Be4 24. Rhf1 c3 25. b3 Kh7 26. Be5 Bf8 27. Nh4 Ba3+
28. Kb1 Rf8 29. Bf4 a5 30. Bc1 Be7 31. Nf3 Rxf3 32. Rxf3 Bxf3 33. Rd3 Be4 34.
Rxc3 Ra7 35. Rc6 Bf5 36. Kb2 Kg6 37. c4 dxc4 38. bxc4 Rb7+ 39. Ka1 Rb1# 0-1

[Event "Eileen Tranmer mem"]
[Site "Brighton Int 7th"]
[Date "1985.12.12"]
[Round "1"]
[White "Hepworth, Mandy"]
[Black "Blackstock, Leslie Steven F"]
[Result "1-0"]
[WhiteElo "1965"]
[BlackElo "2290"]
[PlyCount "107"]
[EventDate "1985.12.12"]
[EventType "tourn"]
[EventRounds "9"]
[EventCountry "ENG"]

1. e4 c5 2. Nf3 e6 3. d4 cxd4 4. Nxd4 Nf6 5. Nc3 d6 6. Bc4 Be7 7. O-O O-O 8.
Be3 a6 9. a4 Qc7 10. Qe2 Nc6 11. f3 Na5 12. Ba2 Bd7 13. f4 Rac8 14. Nf3 Nc4 15.
Bxc4 Qxc4 16. Qd3 Rfe8 17. Rfd1 b5 18. axb5 axb5 19. e5 Nd5 20. Nxd5 exd5 21.
Qxd5 Qxd5 22. Rxd5 Bc6 23. Rd2 Bxf3 24. gxf3 dxe5 25. fxe5 Bb4 26. Rd5 Rxc2 27.
Rxb5 Bf8 28. Bd4 Rd8 29. Bc3 h6 30. Rf1 Kh7 31. Rf2 Rc1+ 32. Kg2 g5 33. Rb7 Kg6
34. f4 gxf4 35. Rxf4 Rc2+ 36. Rf2 Rxf2+ 37. Kxf2 Rd3 38. Rb6+ Kh5 39. Rf6 Bc5+
40. Ke2 Re3+ 41. Kf1 Rh3 42. Kg2 Re3 43. Rxf7 Re2+ 44. Kg3 Kg6 45. Rf6+ Kg5 46.
Rf3 h5 47. h4+ Kg6 48. Rf6+ Kh7 49. Kf4 Rh2 50. e6 Rxh4+ 51. Kg5 Be7 52. Kxh4
Kg7 53. Kg5 h4 54. Kf5 1-0

[Event "Eileen Tranmer mem"]
[Site "Brighton Int 7th"]
[Date "1985.12.12"]
[Round "1"]
[White "Jackson, Sheila"]
[Black "Whiteley, Andrew J"]
[Result "0-1"]
[WhiteElo "2225"]
[BlackElo "2370"]
[PlyCount "110"]
[EventDate "1985.12.12"]
[EventType "tourn"]
[EventRounds "9"]
[EventCountry "ENG"]

1. e4 e6 2. d4 d5 3. Nd2 Nf6 4. e5 Nfd7 5. Bd3 c5 6. c3 Nc6 7. Ne2 cxd4 8. cxd4
Nb6 9. O-O Bd7 10. f4 g6 11. a3 a5 12. b3 Be7 13. Bb2 h5 14. Rc1 Kf8 15. Kh1
Kg7 16. Rg1 Qf8 17. Nb1 a4 18. b4 Na7 19. Nec3 Rc8 20. Nd2 h4 21. Qf3 Rc7 22.
g4 hxg3 23. Rxg3 Rh4 24. Rcg1 Qh8 25. R1g2 Qh6 26. Rf2 Rh5 27. Rgg2 Rh3 28. Qe2
Bh4 29. Rf3 Rxf3 30. Qxf3 Be1 31. Ncb1 Kf8 32. Rg1 Bxd2 33. Nxd2 Bb5 34. Bb1
Nc6 35. Rg3 Qh4 36. Qe3 Ne7 37. Rh3 Qg4 38. Qf3 Qxf3+ 39. Rxf3 Nc4 40. Nxc4
dxc4 41. Be4 Bc6 42. Bxc6 Rxc6 43. Kg2 Nd5 44. Bc3 Rc8 45. Kf2 Ke7 46. Bd2 Nc7
47. Ke3 Nb5 48. Bc1 Rd8 49. Bb2 c3 50. Bc1 Nxd4 51. Rf1 Nb3 52. Rh1 c2 53. Ke2
Rd4 54. Be3 Re4 55. Kd3 Rxe3+ 0-1

[Event "Eileen Tranmer mem"]
[Site "Brighton Int 7th"]
[Date "1985.12.12"]
[Round "1"]
[White "Schiller, Eric"]
[Black "Hoiberg, Nina"]
[Result "1-0"]
[WhiteElo "2205"]
[BlackElo "2180"]
[PlyCount "159"]
[EventDate "1985.12.12"]
[EventType "tourn"]
[EventRounds "9"]
[EventCountry "ENG"]

1. e4 e5 2. Nf3 Nc6 3. Bb5 f5 4. Qe2 Qe7 5. Nc3 fxe4 6. Bxc6 bxc6 7. Qxe4 Nf6
8. Qxe5 Qxe5+ 9. Nxe5 Bc5 10. d3 O-O 11. O-O Rb8 12. Na4 Be7 13. Bd2 Nd5 14. f4
Nxf4 15. Bxf4 Rb4 16. Nc4 Rxa4 17. b3 Bf6 18. bxa4 Bxa1 19. Rxa1 Rxf4 20. Rb1
Kf7 21. g3 Rf5 22. Rb8 Ba6 23. Ne3 Re5 24. Kf2 Re8 25. Rxe8 Kxe8 26. Nf5 g6 27.
Nd4 Ke7 28. Ke3 Kd6 29. Nf3 c5 30. g4 c4 31. d4 c3 32. Ng5 Bc4 33. Nxh7 Be6 34.
h3 Bxa2 35. Ng5 Bd5 36. h4 Ke7 37. Kd3 a5 38. Kxc3 Bc6 39. Kb3 d6 40. h5 gxh5
41. gxh5 Kf6 42. h6 Kg6 43. h7 Kg7 44. Ne6+ Kxh7 45. Nxc7 Kg6 46. Nb5 d5 47. c4
Kf6 48. Nc3 dxc4+ 49. Kxc4 Be8 50. Kc5 Ke6 51. d5+ Kd7 52. Ne4 Kd8 53. Nc3 Kd7
54. d6 Ke6 55. Nb5 Bd7 56. Kb6 Bxb5 57. axb5 a4 58. Kc7 a3 59. d7 a2 60. d8=Q
a1=Q 61. Qd7+ Kf6 62. b6 Qa5 63. Qd6+ Kg5 64. Kb8 Qb5 65. Qe7+ Kf4 66. b7 Kf3
67. Qa3+ Ke4 68. Ka7 Qd7 69. Qc3 Qf7 70. Kb6 Qg8 71. Qc6+ Ke3 72. Qc5+ Ke4 73.
Qe7+ Kf3 74. Qf6+ Ke4 75. Qh4+ Kf3 76. Qh5+ Ke4 77. Qe2+ Kd4 78. Ka7 Qh7 79.
Qb2+ Kc4 80. Ka6 1-0

[Event "Eileen Tranmer mem"]
[Site "Brighton Int 7th"]
[Date "1985.12.??"]
[Round "2"]
[White "Blackstock, Leslie Steven F"]
[Black "Schiller, Eric"]
[Result "1/2-1/2"]
[WhiteElo "2290"]
[BlackElo "2205"]
[PlyCount "33"]
[EventDate "1985.12.12"]
[EventType "tourn"]
[EventRounds "9"]
[EventCountry "ENG"]

1. d4 d5 2. Nf3 Nf6 3. c4 e6 4. Nc3 c6 5. e3 Nbd7 6. Bd3 dxc4 7. Bxc4 b5 8. Be2
Be7 9. e4 b4 10. e5 bxc3 11. exf6 Bxf6 12. bxc3 c5 13. Qa4 Qc7 14. O-O O-O 15.
Ba3 Rd8 16. Rac1 Bb7 17. Rfd1 1/2-1/2

[Event "Eileen Tranmer mem"]
[Site "Brighton Int 7th"]
[Date "1985.12.??"]
[Round "2"]
[White "Day, Angela"]
[Black "Jackson, Sheila"]
[Result "0-1"]
[WhiteElo "1905"]
[BlackElo "2225"]
[PlyCount "48"]
[EventDate "1985.12.12"]
[EventType "tourn"]
[EventRounds "9"]
[EventCountry "ENG"]

1. g3 d5 2. d3 e5 3. Bg2 Nf6 4. c4 dxc4 5. dxc4 Qxd1+ 6. Kxd1 Bc5 7. e3 O-O 8.
Nc3 Rd8+ 9. Ke2 c6 10. e4 Be6 11. b3 Ng4 12. Nh3 h6 13. f3 Bd4 14. Bd2 Nf6 15.
Rac1 Na6 16. a3 Nc5 17. Rb1 Nxb3 18. Rhd1 Bxc4+ 19. Ke1 Nxd2 20. Kxd2 Bc5+ 21.
Kc2 b5 22. Ra1 a5 23. f4 Ng4 24. Re1 Ne3+ 0-1

[Event "Eileen Tranmer mem"]
[Site "Brighton Int 7th"]
[Date "1985.12.??"]
[Round "2"]
[White "Hoiberg, Nina"]
[Black "Coull, Alison Jane"]
[Result "1-0"]
[WhiteElo "2180"]
[BlackElo "1915"]
[PlyCount "39"]
[EventDate "1985.12.12"]
[EventType "tourn"]
[EventRounds "9"]
[EventCountry "ENG"]

1. e4 e6 2. Nf3 d5 3. e5 c5 4. b4 cxb4 5. a3 Nc6 6. axb4 Bxb4 7. c3 Be7 8. d4
Bd7 9. Bd3 Qc7 10. O-O Nh6 11. Ng5 O-O-O 12. Na3 a6 13. Qe2 Na7 14. Bd2 Nb5 15.
Nxb5 Bxb5 16. Bxb5 axb5 17. Qxb5 Qd7 18. Ra8+ Kc7 19. Qa5+ Kc6 20. Rb1 1-0

[Event "Eileen Tranmer mem"]
[Site "Brighton Int 7th"]
[Date "1985.12.??"]
[Round "2"]
[White "Thomas, Nicholas A"]
[Black "Norwood, David"]
[Result "1-0"]
[WhiteElo "2230"]
[BlackElo "2445"]
[PlyCount "71"]
[EventDate "1985.12.12"]
[EventType "tourn"]
[EventRounds "9"]
[EventCountry "ENG"]

1. e4 g6 2. d4 Bg7 3. f4 d5 4. e5 h5 5. Nf3 Nh6 6. c3 c6 7. Na3 b6 8. Nc2 Na6
9. Nb4 Nxb4 10. cxb4 O-O 11. Bd3 c5 12. Bd2 c4 13. Bc2 a5 14. a4 axb4 15. Bxb4
Nf5 16. Ra3 Bh6 17. Qd2 Ng7 18. O-O Bg4 19. Nh4 Qd7 20. h3 Bf5 21. Nxf5 gxf5
22. Qf2 Ra7 23. Qh4 f6 24. Re3 fxe5 25. Rxe5 Rf7 26. Rfe1 e6 27. R1e3 Ra8 28.
Kh1 Qd8 29. Qg3 Qf6 30. Rxe6 Qxd4 31. Qg6 Qxe3 32. Rxe3 Bxf4 33. Rf3 Bb8 34.
Bxf5 Rxf5 35. Rxf5 Rxa4 36. Rf8# 1-0

[Event "Eileen Tranmer mem"]
[Site "Brighton Int 7th"]
[Date "1985.12.??"]
[Round "2"]
[White "Whiteley, Andrew J"]
[Black "Hepworth, Mandy"]
[Result "1-0"]
[WhiteElo "2370"]
[BlackElo "1965"]
[PlyCount "51"]
[EventDate "1985.12.12"]
[EventType "tourn"]
[EventRounds "9"]
[EventCountry "ENG"]

1. d4 Nf6 2. c4 e6 3. Nc3 Bb4 4. Qc2 b6 5. e4 c5 6. dxc5 Bxc5 7. Be2 Nc6 8. Nf3
Bb7 9. O-O Qc7 10. h3 O-O 11. Rd1 Rad8 12. Bg5 Be7 13. Bh4 Nh5 14. Nb5 Qb8 15.
Bxe7 Nxe7 16. Nd6 Nf4 17. Bf1 Bc6 18. Ne5 Ba8 19. b4 f5 20. g3 Bxe4 21. Qa4
Nfd5 22. Nxd7 Nc3 23. Nxb8 Nxa4 24. Nxe4 fxe4 25. Nd7 Rf5 26. Nf6+ 1-0

[Event "Eileen Tranmer mem"]
[Site "Brighton Int 7th"]
[Date "1985.12.??"]
[Round "3"]
[White "Coull, Alison Jane"]
[Black "Blackstock, Leslie Steven F"]
[Result "0-1"]
[WhiteElo "1915"]
[BlackElo "2290"]
[PlyCount "88"]
[EventDate "1985.12.12"]
[EventType "tourn"]
[EventRounds "9"]
[EventCountry "ENG"]

1. e4 e5 2. Nf3 Nc6 3. Bb5 a6 4. Ba4 Nf6 5. O-O Be7 6. Re1 b5 7. Bb3 d6 8. c3
O-O 9. h3 Na5 10. Bc2 c5 11. d4 Nd7 12. Nbd2 cxd4 13. cxd4 Nc6 14. Nf1 exd4 15.
Nxd4 Nxd4 16. Qxd4 Ne5 17. Qd1 Bf6 18. Ne3 Be6 19. Bb3 Nc4 20. Rb1 Rc8 21. Nd5
Bxd5 22. exd5 Be5 23. Bc2 Qf6 24. Re2 Bf4 25. b3 Ne5 26. Be3 Bxe3 27. Rxe3 Rc7
28. Be4 Rfc8 29. Re2 g6 30. Qd2 Rc3 31. Ree1 Nd7 32. Rbc1 b4 33. Bf3 h5 34. Be2
g5 35. Bxa6 Rxc1 36. Rxc1 Rxc1+ 37. Qxc1 Nc5 38. Bc4 Kg7 39. Qd2 h4 40. Qe2
Qa1+ 41. Kh2 Qe5+ 42. Kg1 Qxe2 43. Bxe2 Kf6 44. f3 Ke5 0-1

[Event "Eileen Tranmer mem"]
[Site "Brighton Int 7th"]
[Date "1985.12.??"]
[Round "3"]
[White "Hepworth, Mandy"]
[Black "Day, Angela"]
[Result "1-0"]
[WhiteElo "1965"]
[BlackElo "1905"]
[PlyCount "43"]
[EventDate "1985.12.12"]
[EventType "tourn"]
[EventRounds "9"]
[EventCountry "ENG"]

1. e4 g6 2. d4 Bg7 3. Nc3 c5 4. Be3 Nc6 5. Nge2 cxd4 6. Nxd4 d6 7. Be2 Nf6 8.
O-O h5 9. h3 h4 10. Nf3 Bd7 11. Ng5 Qa5 12. Bc4 Ne5 13. Bb3 Bh6 14. Qd2 Bxg5
15. Bxg5 Bxh3 16. Bxf6 exf6 17. Qxd6 Nf3+ 18. Kh1 Bxg2+ 19. Kxg2 Qh5 20. Ba4+
b5 21. Bxb5+ Qxb5 22. Nxb5 1-0

[Event "Eileen Tranmer mem"]
[Site "Brighton Int 7th"]
[Date "1985.12.??"]
[Round "3"]
[White "Jackson, Sheila"]
[Black "Thomas, Nicholas A"]
[Result "1/2-1/2"]
[WhiteElo "2225"]
[BlackElo "2230"]
[PlyCount "36"]
[EventDate "1985.12.12"]
[EventType "tourn"]
[EventRounds "9"]
[EventCountry "ENG"]

1. e4 e6 2. d4 d5 3. Nd2 Nc6 4. Ngf3 Nf6 5. e5 Nd7 6. Nb3 Be7 7. Bb5 a5 8. a4
Na7 9. Be2 b6 10. O-O c5 11. c3 c4 12. Nbd2 b5 13. axb5 Nxb5 14. Qa4 Nb6 15.
Qc2 a4 16. Nb1 Bd7 17. g3 Na7 18. h4 h5 1/2-1/2

[Event "Eileen Tranmer mem"]
[Site "Brighton Int 7th"]
[Date "1985.12.??"]
[Round "3"]
[White "Norwood, David"]
[Black "Hoiberg, Nina"]
[Result "1-0"]
[WhiteElo "2445"]
[BlackElo "2180"]
[PlyCount "43"]
[EventDate "1985.12.12"]
[EventType "tourn"]
[EventRounds "9"]
[EventCountry "ENG"]

1. c4 Nf6 2. Nc3 e5 3. g3 Nc6 4. Bg2 Be7 5. e3 O-O 6. Nge2 d6 7. O-O Be6 8. b3
Qc8 9. d4 Bh3 10. d5 Nd8 11. f4 h6 12. e4 Bxg2 13. Kxg2 exf4 14. gxf4 Nh7 15.
Ng3 Bf6 16. Bb2 g6 17. Qf3 Bg7 18. Rae1 Nf6 19. e5 dxe5 20. fxe5 Nd7 21. Nce4
a5 22. Nf6+ 1-0

[Event "Eileen Tranmer mem"]
[Site "Brighton Int 7th"]
[Date "1985.12.??"]
[Round "3"]
[White "Schiller, Eric"]
[Black "Whiteley, Andrew J"]
[Result "0-1"]
[WhiteElo "2205"]
[BlackElo "2370"]
[PlyCount "99"]
[EventDate "1985.12.12"]
[EventType "tourn"]
[EventRounds "9"]
[EventCountry "ENG"]

1. e4 c5 2. Nf3 d6 3. d4 cxd4 4. Nxd4 Nf6 5. Nc3 g6 6. Be3 Bg7 7. f3 Nc6 8. Qd2
O-O 9. O-O-O d5 10. exd5 Nxd5 11. Nxc6 bxc6 12. Bd4 e5 13. Bc5 Be6 14. Ne4 Re8
15. g4 Nf4 16. Qxd8 Rexd8 17. Ba6 Bd5 18. g5 Ne6 19. Be7 Re8 20. Bf6 Bxe4 21.
fxe4 Bxf6 22. gxf6 Nc5 23. Bc4 Rad8 24. Rhe1 Kf8 25. b4 Na4 26. Bb3 Nc3 27.
Rxd8 Rxd8 28. Re3 Nb5 29. Ba4 Rd6 30. Bxb5 cxb5 31. c4 Rc6 32. Rc3 a6 33. c5
Ke8 34. Rf3 Kd7 35. Kc2 Ke6 36. Kc3 Rc7 37. a3 Ra7 38. Kc2 h5 39. Kd2 g5 40.
Rf5 Rd7+ 41. Ke3 Rd1 42. Rxg5 Ra1 43. Rxh5 Rxa3+ 44. Kd2 Rb3 45. Rh8 Rxb4 46.
Rd8 Kxf6 47. Rd6+ Kg5 48. Rxa6 Rxe4 49. Rd6 b4 50. c6 0-1

[Event "Eileen Tranmer mem"]
[Site "Brighton Int 7th"]
[Date "1985.12.??"]
[Round "4"]
[White "Blackstock, Leslie Steven F"]
[Black "Norwood, David"]
[Result "0-1"]
[WhiteElo "2290"]
[BlackElo "2445"]
[PlyCount "70"]
[EventDate "1985.12.12"]
[EventType "tourn"]
[EventRounds "9"]
[EventCountry "ENG"]

1. d4 Nf6 2. c4 e6 3. Nc3 c5 4. d5 exd5 5. cxd5 d6 6. e4 g6 7. Bd3 Bg7 8. Nge2
O-O 9. O-O a6 10. a4 Nbd7 11. h3 Rb8 12. Ng3 Qc7 13. Be3 c4 14. Bc2 b5 15. axb5
axb5 16. Ra7 Qd8 17. f4 Re8 18. Qf3 b4 19. Na4 Bb7 20. Bf2 Kh8 21. Kh1 Ng8 22.
e5 Ne7 23. Ne4 Nc8 24. Nxd6 Nxd6 25. exd6 Nf6 26. Nb6 Qxd6 27. Nxc4 Qd8 28. Ne3
Nxd5 29. Nxd5 Bxd5 30. Qg3 b3 31. Bb1 Bxb2 32. f5 Be5 33. Qg4 h5 34. Qa4 Qg5
35. Be4 Qf4 0-1

[Event "Eileen Tranmer mem"]
[Site "Brighton Int 7th"]
[Date "1985.12.??"]
[Round "4"]
[White "Day, Angela"]
[Black "Schiller, Eric"]
[Result "0-1"]
[WhiteElo "1905"]
[BlackElo "2205"]
[PlyCount "56"]
[EventDate "1985.12.12"]
[EventType "tourn"]
[EventRounds "9"]
[EventCountry "ENG"]

1. d3 e5 2. e4 Bc5 3. c3 Nf6 4. b4 Bb6 5. Bb2 d6 6. Nd2 Nc6 7. Nc4 Be6 8. Nxb6
axb6 9. a3 O-O 10. Nf3 Ne7 11. Be2 Ng6 12. O-O h6 13. Re1 Nf4 14. Bf1 g5 15.
Kh1 Ng4 16. Qd2 f5 17. h3 fxe4 18. hxg4 exf3 19. gxf3 Bd5 20. Re4 Bxe4 21. dxe4
Qf6 22. Qe3 h5 23. Bc1 Kg7 24. Kg1 Rh8 25. Bg2 Qh6 26. Kf1 hxg4 27. Kg1 Qh2+
28. Kf1 Qh1+ 0-1

[Event "Eileen Tranmer mem"]
[Site "Brighton Int 7th"]
[Date "1985.12.??"]
[Round "4"]
[White "Jackson, Sheila"]
[Black "Hepworth, Mandy"]
[Result "0-1"]
[WhiteElo "2225"]
[BlackElo "1965"]
[PlyCount "86"]
[EventDate "1985.12.12"]
[EventType "tourn"]
[EventRounds "9"]
[EventCountry "ENG"]

1. e4 c5 2. Nf3 d6 3. d4 cxd4 4. Nxd4 Nf6 5. Nc3 a6 6. Be3 Qc7 7. a4 e5 8. Nf3
h6 9. a5 Be6 10. Nd5 Nxd5 11. exd5 Bf5 12. c4 Nd7 13. b4 Be7 14. Be2 O-O 15.
O-O Bh7 16. Nd2 f5 17. f3 Bf6 18. Rc1 b6 19. axb6 Nxb6 20. c5 Nd7 21. cxd6 Qb8
22. Rc7 Nb6 23. Rc6 Bd8 24. Bc5 Rf6 25. Qa1 Bg6 26. Qxe5 a5 27. Bd4 axb4 28.
Rb1 Nd7 29. Qf4 Rf8 30. h4 Nf6 31. Bc4 Nh5 32. Qh2 Be8 33. Ra6 Rxa6 34. Bxa6 f4
35. Ne4 Bb6 36. Bf2 Bxf2+ 37. Nxf2 Qxd6 38. Bc4 Qc5 39. Bb3 Bg6 40. Rd1 Qc3 41.
Ba4 b3 42. Ne4 Bxe4 43. fxe4 Qe3+ 0-1

[Event "Eileen Tranmer mem"]
[Site "Brighton Int 7th"]
[Date "1985.12.??"]
[Round "4"]
[White "Thomas, Nicholas A"]
[Black "Hoiberg, Nina"]
[Result "1/2-1/2"]
[WhiteElo "2230"]
[BlackElo "2180"]
[PlyCount "89"]
[EventDate "1985.12.12"]
[EventType "tourn"]
[EventRounds "9"]
[EventCountry "ENG"]

1. e4 e5 2. Nf3 Nc6 3. Bc4 Nf6 4. d4 exd4 5. e5 d5 6. Bb5 Ne4 7. Nxd4 Bd7 8.
Bxc6 bxc6 9. O-O Be7 10. f3 Nc5 11. f4 O-O 12. f5 Bg5 13. Nc3 Re8 14. Re1 Bxc1
15. Rxc1 Qg5 16. b4 Ne4 17. Nxe4 dxe4 18. Rxe4 Bxf5 19. Nxf5 Qxf5 20. Qe2 Qe6
21. Qa6 Qd5 22. Rce1 Qb5 23. Qxb5 cxb5 24. e6 fxe6 25. Rxe6 Rxe6 26. Rxe6 Rd8
27. Rc6 Rd1+ 28. Kf2 Ra1 29. Rxc7 Rxa2 30. Ke3 Ra4 31. g3 h6 32. Kd3 Rxb4 33.
Rxa7 Kh7 34. Ra3 Rg4 35. c3 Kg6 36. Ra5 Rg5 37. Ra7 Kh5 38. Rb7 Kg4 39. h4 Rg6
40. Rxb5 Kxg3 41. h5 Rd6+ 42. Ke4 g5 43. hxg6 Rxg6 44. Rf5 Rc6 45. Kd4 1/2-1/2

[Event "Eileen Tranmer mem"]
[Site "Brighton Int 7th"]
[Date "1985.12.??"]
[Round "4"]
[White "Whiteley, Andrew J"]
[Black "Coull, Alison Jane"]
[Result "1-0"]
[WhiteElo "2370"]
[BlackElo "1915"]
[PlyCount "85"]
[EventDate "1985.12.12"]
[EventType "tourn"]
[EventRounds "9"]
[EventCountry "ENG"]

1. d4 e6 2. c4 Nf6 3. g3 d5 4. Bg2 Be7 5. Nf3 O-O 6. O-O dxc4 7. Qc2 a6 8. a4
Bd7 9. Nbd2 Bc6 10. Nxc4 Be4 11. Qc3 Nbd7 12. Rd1 Rc8 13. Ncd2 Bd5 14. b4 Bd6
15. Ba3 Qe7 16. Rab1 a5 17. Re1 Ne4 18. Qd3 Ndf6 19. Ne5 Nxd2 20. Qxd2 Ne4 21.
Qc2 axb4 22. Bxe4 Bxe4 23. Qxe4 bxa3 24. Rxb7 Bxe5 25. Qxe5 Qd6 26. Rb3 Qxe5
27. dxe5 Ra8 28. Rxa3 c5 29. a5 c4 30. Rea1 Ra6 31. Kf1 Rb8 32. Ke1 Rb5 33. f4
Kf8 34. Kd2 Rb2+ 35. Kc3 Rxe2 36. R1a2 Re1 37. Kxc4 Ke7 38. Rb3 Rc1+ 39. Kb5
Ra8 40. a6 Rc7 41. Kb6 Raa7 42. Raa3 Kd8 43. Rd3+ 1-0

[Event "Eileen Tranmer mem"]
[Site "Brighton Int 7th"]
[Date "1985.12.??"]
[Round "5"]
[White "Coull, Alison Jane"]
[Black "Day, Angela"]
[Result "1/2-1/2"]
[WhiteElo "1915"]
[BlackElo "1905"]
[PlyCount "64"]
[EventDate "1985.12.12"]
[EventType "tourn"]
[EventRounds "9"]
[EventCountry "ENG"]

1. e4 g6 2. d4 Bg7 3. Nf3 c5 4. Nc3 cxd4 5. Nxd4 Qb6 6. Nb3 Bxc3+ 7. bxc3 Qc6
8. Qd4 Nf6 9. Bd3 b6 10. O-O Ba6 11. Bg5 Bxd3 12. cxd3 h6 13. Bh4 g5 14. Bg3 d6
15. e5 dxe5 16. Bxe5 Nbd7 17. Rfe1 O-O-O 18. Bg3 Rhe8 19. c4 Nh5 20. Qg4 Nxg3
21. Qxg3 e5 22. Rec1 Nc5 23. Qh3+ Re6 24. Nxc5 Qxc5 25. Qf3 Qc7 26. a4 Rc6 27.
Rc3 Rd4 28. Qf5+ Qd7 29. Qxe5 Rxd3 30. Rxd3 Qxd3 31. Qe8+ Kb7 32. Qxf7+ Ka6
1/2-1/2

[Event "Eileen Tranmer mem"]
[Site "Brighton Int 7th"]
[Date "1985.12.??"]
[Round "5"]
[White "Hepworth, Mandy"]
[Black "Thomas, Nicholas A"]
[Result "1/2-1/2"]
[WhiteElo "1965"]
[BlackElo "2230"]
[PlyCount "41"]
[EventDate "1985.12.12"]
[EventType "tourn"]
[EventRounds "9"]
[EventCountry "ENG"]

1. e4 e6 2. d4 d5 3. Nc3 Bb4 4. Bd2 dxe4 5. Qg4 Qxd4 6. Nf3 h5 7. Qxe6+ Bxe6 8.
Nxd4 Bd7 9. Nxe4 Bxd2+ 10. Nxd2 Nf6 11. Bc4 a6 12. O-O O-O 13. N2b3 Nc6 14.
Nxc6 Bxc6 15. Rfe1 Rfe8 16. Rad1 Rxe1+ 17. Rxe1 Kf8 18. Nc5 Rd8 19. Nd3 Bd5 20.
Bxd5 Rxd5 21. f3 1/2-1/2

[Event "Eileen Tranmer mem"]
[Site "Brighton Int 7th"]
[Date "1985.12.??"]
[Round "5"]
[White "Hoiberg, Nina"]
[Black "Blackstock, Leslie Steven F"]
[Result "0-1"]
[WhiteElo "2180"]
[BlackElo "2290"]
[PlyCount "66"]
[EventDate "1985.12.12"]
[EventType "tourn"]
[EventRounds "9"]
[EventCountry "ENG"]

1. e4 Nf6 2. Nc3 e5 3. Bc4 Nxe4 4. Nxe4 d5 5. Bb3 dxe4 6. Qe2 Bd6 7. Qxe4 O-O
8. Nf3 Nd7 9. Qh4 Qxh4 10. Nxh4 Nc5 11. Bc4 e4 12. d4 exd3 13. cxd3 Bd7 14. d4
Ne6 15. Be3 Bb4+ 16. Kd1 Rad8 17. Kc2 Ba4+ 18. b3 Nxd4+ 19. Kb2 Bc6 20. Rad1
Be7 21. Rxd4 Rxd4 22. Bxd4 Bxh4 23. Re1 a5 24. g3 Bd8 25. a4 Re8 26. Rxe8+ Bxe8
27. Kc2 Kf8 28. Kd3 f6 29. Ke4 Be7 30. Bc3 b6 31. Bd4 Bd6 32. f4 Ke7 33. Bg8
Bc6+ {there then follows a large gap in the moves recorded in the bulletin,
followed by 34 Be4 Be6 43 Kc3 Bf7 44 Bc2 c6 45 Bd1 Kf5 46 h5 Kg5 47 Kd3 Bd5 48
Ke3 b5 49 Kd3 b4 50 Ke3 c5 51 Kd3 Kh6 52 Ke3 Bf7 53 Bc2 Kxh5} 0-1

[Event "Eileen Tranmer mem"]
[Site "Brighton Int 7th"]
[Date "1985.12.??"]
[Round "5"]
[White "Norwood, David"]
[Black "Whiteley, Andrew J"]
[Result "0-1"]
[WhiteElo "2445"]
[BlackElo "2370"]
[PlyCount "118"]
[EventDate "1985.12.12"]
[EventType "tourn"]
[EventRounds "9"]
[EventCountry "ENG"]

1. c4 Nf6 2. Nc3 g6 3. d4 Bg7 4. Nf3 O-O 5. Bf4 d6 6. e3 Nbd7 7. Be2 b6 8. h3
Bb7 9. O-O Ne4 10. Nxe4 Bxe4 11. Rc1 h6 12. b4 a5 13. b5 e5 14. Bh2 exd4 15.
exd4 Re8 16. Bf4 Qf6 17. Be3 Rad8 18. Qd2 Nf8 19. Nh2 Bf5 20. Bf3 Bd7 21. Rfd1
Kh7 22. a4 Ne6 23. Nf1 Qh4 24. Ng3 Bxd4 25. Bxd4 Nxd4 26. Qxd4 Re1+ 27. Rxe1
Qxd4 28. Re7 Kg8 29. Bd5 Be6 30. Bxe6 fxe6 31. Rxe6 Rf8 32. Rxg6+ Kh7 33. Rg4
Qxf2+ 34. Kh2 Qd2 35. Rb1 Rf4 36. Rd1 Qxd1 37. Rxf4 Kg6 38. Rg4+ Kf6 39. Ne4+
Ke5 40. Nc3 Qb3 41. Nd5 h5 42. Rh4 Qxa4 43. Nxc7 Qd1 44. Nd5 a4 45. Nxb6 a3 46.
Nd5 Qb3 47. Rxh5+ Kd4 48. Rh4+ Kc5 49. Nf6 a2 50. Nd7+ Kb4 51. b6 Kc3 52. Rf4
Qb2 53. Rf3+ Kxc4 54. Rf4+ Kd5 55. Ra4 Kc6 56. Ra7 a1=Q 57. Rc7+ Kd5 58. b7 Qf2
59. Nf6+ Qfxf6 0-1

[Event "Eileen Tranmer mem"]
[Site "Brighton Int 7th"]
[Date "1985.12.??"]
[Round "5"]
[White "Schiller, Eric"]
[Black "Jackson, Sheila"]
[Result "1/2-1/2"]
[WhiteElo "2205"]
[BlackElo "2225"]
[PlyCount "117"]
[EventDate "1985.12.12"]
[EventType "tourn"]
[EventRounds "9"]
[EventCountry "ENG"]

1. e4 e5 2. Nf3 Nc6 3. Bb5 a6 4. Ba4 Nf6 5. O-O Be7 6. Re1 b5 7. Bb3 d6 8. c3
O-O 9. d4 Bg4 10. d5 Na5 11. Bc2 c6 12. h3 Bc8 13. a4 cxd5 14. axb5 dxe4 15.
Nfd2 d5 16. b4 Nb7 17. bxa6 Nd6 18. c4 dxc4 19. Bb2 Bxa6 20. Bxe5 Qb6 21. Nc3
Bb7 22. Bxd6 Rxa1 23. Qxa1 Qxd6 24. Nxc4 Qxb4 25. Rb1 Qxc4 26. Rxb7 Bb4 27. Nd1
Qxc2 28. Rxb4 Rd8 29. Ne3 Qd3 30. Ra4 h6 31. Ra8 Kh7 32. Rxd8 Qxd8 33. Qe5 Qb6
34. Qf5+ Kg8 35. Kh2 Qb8+ 36. Kg1 Qb1+ 37. Kh2 Qb7 38. Kg1 Qd7 39. Qe5 Qd8 40.
Qf5 Qb8 41. Kh1 Qa8 42. Qe5 Nd7 43. Qd4 Qc6 44. g4 g6 45. Kg2 Nf6 46. Qe5 Nd7
47. Qd4 f6 48. h4 Qe6 49. Qd1 Ne5 50. Qd8+ Kg7 51. Qa8 f5 52. Qa7+ Nf7 53. gxf5
gxf5 54. Qd4+ Kg6 55. Nd5 Qd6 56. Qd2 Kh7 57. Qd4 Qe5 58. Qxe5 Nxe5 59. Ne7
1/2-1/2

[Event "Eileen Tranmer mem"]
[Site "Brighton Int 7th"]
[Date "1985.12.??"]
[Round "6"]
[White "Day, Angela"]
[Black "Norwood, David"]
[Result "0-1"]
[WhiteElo "1905"]
[BlackElo "2445"]
[PlyCount "60"]
[EventDate "1985.12.12"]
[EventType "tourn"]
[EventRounds "9"]
[EventCountry "ENG"]

1. e4 g6 2. f4 Bg7 3. Be2 c5 4. d3 Nc6 5. Nc3 e6 6. Be3 b6 7. Nf3 d5 8. exd5
exd5 9. d4 Nge7 10. dxc5 d4 11. Nxd4 Bxd4 12. Bxd4 Qxd4 13. cxb6 Qxb6 14. Qd2
O-O 15. O-O-O Rd8 16. Qe1 Qe3+ 17. Kb1 Bf5 18. a3 Rxd1+ 19. Bxd1 Qxf4 20. g3
Qe5 21. Qxe5 Nxe5 22. Re1 N7c6 23. Nd5 Rd8 24. Ne3 Be6 25. Kc1 Nd4 26. h4 Rc8
27. Nd5 Nd3+ 28. Kd2 Nxe1 29. Ne7+ Kg7 30. Nxc8 Ndf3+ 0-1